000 00651cam a22002173a 4500
001 39986
003 PGUSA
005 20140828083906.0
008 120613s2012||||xxu|||||s|||||000 | eng d
040 _aPGUSA
_beng
042 _adc
100 1 _aSteiner, Rudolf,
_d1861-1925
245 1 4 _aThe Way of Initiation ;
_bor, How to Attain Knowledge of the Higher Worlds
_h[electronic resource] /
_cRudolf Steiner
260 _bProject Gutenberg,
_c2012
506 _aPublic domain in the USA.
516 _aElectronic text
700 1 _aGysi, Max
830 0 _aProject Gutenberg
_v39986
856 4 0 _uhttp://www.gutenberg.org/ebooks/39986
942 _cEB
999 _c269239
_d269239